Golf Decoder - Statistics

General Stats
  • This quiz has been taken 1,610 times
  • The average score is 15 of 22
Answer Stats
Hint Answer % Correct
E hole in two under par eagle
95%
D 1-wood driver
91%
O Britain's premier tournament The {Open}
91%
I they're labeled 1 to 9, W or S iron
87%
P South Africa's best player Gary {Player}
82%
D turf dug out by a shot divot
81%
N Augusta _______ Golf Club National
81%
N Greg the Australian Norman
79%
T small peg tee
79%
N Jack the bear Nicklaus
77%
R Justin the Englishman Rose
76%
E South African EE's 1st name Ernie
74%
E South African EE's surname Els
70%
T American Eldrick's nickname Tiger
68%
T far end of the clubhead toe
59%
T 1970's US golfer Lee {Trevino}
58%
D Jason, 2013 PGA winner Dufner
45%
U where the ball cannot be hit from {unplayable} lie
45%
V Nordic-sounding Louisville course, host of 2014 PGA Valhalla
35%
V won 7 majors 1896-1914 Harry {Vardon}
32%
O women's #1 for a record 158 weeks Lorena {Ochoa}
27%
Dean Martin quote ... don't drive. Don't even putt.
20%
No matching quizzes found
Score Distribution
Percent of People with Each Score
Percentile by Number Answered
Your Score History
You have not taken this quiz